000 02615cam a2200397 a 4500
001 16322483
003 OSt
005 20250129094629.0
008 100708s2011 mdub b 001 0 eng
010 _a 2010029024
020 _a9781442206892 (cloth : alk. paper)
020 _a1442206896 (cloth : alk. paper)
020 _a9781442206915 (electronic)
020 _a1442206918 (electronic)
035 _a(OCoLC)ocn646631592
040 _aDLC
_cDLC
_dYDXCP
_dC#P
_dBWX
_dCDX
_dYHM
_dA7U
_dCHRRO
_dDLC
042 _apcc
043 _af-nr---
050 0 0 _aJQ3090
_b.C36 2011
072 7 _as1ht
_2rero
082 0 0 _a966.905/4
100 1 _aCampbell, John,
_d1944-
245 1 0 _aNigeria :
_bdancing on the brink /
_cJohn Campbell.
260 _aLanham, Md. :
_bRowman & Littlefield Publishers,
_cc2010.
300 _axxii, 183 p. :
_bmap ;
_c24 cm.
504 _aIncludes bibliographical references (p. 169-174) and index.
505 0 _a"Un Peu d'Histoire" -- If Nigeria Is So Rich, Why Are Nigerians So Poor? -- Who Runs Nigeria? -- Faith -- The Niger Delta -- A President for Life? -- The "Election-Like Event" of 2007 -- Washington and Abuja -- Dancing on the Brink.
520 1 _a"Nigeria, the United States' most important strategic partner in West Africa, is in trouble. While Nigerians often claim they are masters of dancing on the brink without falling off, the recent vacuum in government authority, the upcoming 2011 elections, and escalating violence in the Delta and the North may finally provide the impetus that pushes it into the abyss of state failure." "John Campbell explores Nigeria's post-colonial history and presents a nuanced explanation of the events and conditions that have carried this complex, dynamic, and very troubled giant to the edge. Central to his analysis are the oil wealth, endemic corruption, and elite competition that have undermined Nigeria's nascent democratic institutions and alienated an increasingly impoverished population. State failure would damage the interests of the United States, but it is not inevitable. Campbell suggests concrete policy options that would allow the United States to help Nigeria avoid state failure and promote political, social, and economic development."--BOOK JACKET.
650 0 _aSocial conflict
_zNigeria.
650 0 _aEthnic conflict
_zNigeria.
651 0 _aNigeria
_xPolitics and government
_y2007-
651 0 _aNigeria
_xEconomic conditions
_y1970-
906 _a7
_bcbc
_corignew
_d1
_eecip
_f20
_gy-gencatlg
942 _2ddc
_cBK
999 _c4049
_d4049